000 00374nam a2200145Ia 4500
008 231129s1990||||xx |||||||||||||| ||spa||
020 _a84-348-1269-X
040 _bspa
082 _aE863 K95m
100 _aKurtz Carmen
245 0 _aLos mochuelos
260 _c1990
264 _aMadrid EspaƱa : Ediciones SM
942 _2ddc
_cBKS
999 _c19848
_d19848